Science Quiz

Random Science or Math Quiz

Powers of 1's Quiz Stats

 Plays Quiz not verified by Sporcle

Challenge
Share
Tweet
Embed
Score 0/10 Timer 03:00
0 Plays Today
Hint Answer % Correct
11^2121
87.9%
111^212321
84.8%
1111^21234321
84.8%
11111^2123454321
84.8%
111111^212345654321
84.8%
1111111^21234567654321
84.8%
11111111^2123456787654321
84.8%
111111111^212345678987654321
84.8%
1^21
81.8%
1111111111^21234567900987654321
63.6%

You're not logged in!

Compare scores with friends on all Sporcle quizzes.
OR
Log In

You Might Also Like...

Show Comments

Extras

Top Quizzes Today


Score Distribution

Your Account Isn't Verified!

In order to create a playlist on Sporcle, you need to verify the email address you used during registration. Go to your Sporcle Settings to finish the process.

Report this User

Report this user for behavior that violates our Community Guidelines.

Details: